| 000 | 00853cab a2200253 4500 | ||
|---|---|---|---|
| 001 | WB3434-04 | ||
| 008 | 090401t1998 xxu||||| |||| 00| 0 eng d | ||
| 035 | _a(Sirsi) u88415 | ||
| 041 | _aeng | ||
| 245 | _aSlump fears scotched | ||
| 260 | _c1998 | ||
| 350 | _a0 | ||
| 490 |
_aConstruction News _v(6582) 10 September 1998, 4(1) |
||
| 520 | _aDespite a downturn in construction output in 2Q 1998, experts are saying that it is just a statistical quirk. A survey from the Chartered Institute of Purchasing & Supply appears to confirm this. | ||
| 650 | _aCHARTERED INSTITUTE OF PURCHASING AND SUPPLY | ||
| 650 | _aCONSTRUCTION INDUSTRY | ||
| 650 | _aCONSTRUCTION OUTPUT | ||
| 650 | _aDOWNTURN | ||
| 650 | _aECONOMIC OUTLOOK | ||
| 650 | _aPERFORMANCE | ||
| 690 | _aBUILDING AND CONSTRUCTION-ECONOMICS | ||
| 942 | _n0 | ||
| 948 | _c11/09/1998 | ||
| 999 |
_c55848 _d55848 |
||